| 000 | 01538nam a22002897a 4500 | ||
|---|---|---|---|
| 001 | 5348 | ||
| 003 | FISKH | ||
| 005 | 20260211134453.0 | ||
| 008 | 241127b cb ||||| |||| 00| 0 eng d | ||
| 020 | _a9780060856267 | ||
| 040 |
_aFISKH _beng _cFISKH _dFISKH |
||
| 050 | _aDS554.8 | ||
| 082 | _a959.6042 | ||
| 100 | _aUng, Loung | ||
| 245 |
_aFirst they killed my father : _bA daughter of Cambodia remembers/ _cby Loung Ung |
||
| 260 |
_aNew York : _bHapper Perennial ; _c2000. |
||
| 300 |
_a238 pages : _billustrations , maps ; _c21 cm . |
||
| 505 | _aZ | ||
| 520 | _aOne of seven children of a high-ranking government official, Loung Ung lived a privileged life in the Cambodian capital of Phnom Penh until the age of five. Then, in April 1975, Pol Pot's Khmer Rouge army stormed into the city, forcing Ung's family to flee and, eventually, to disperse. Loung was trained as a child soldier in a work camp for orphans, her siblings were sent to labor camps, and those who survived the horrors would not be reunited until the Khmer Rouge was destroyed.Harrowing yet hopeful, Loung's powerful story is an unforgettable account of a family shaken and shattered, yet miraculously sustained by courage and love in the face of unspeakable brutality. | ||
| 521 | 8 |
_a920
_bLexile |
|
| 521 | 8 |
_aZ
_bRaz-PLus |
|
| 650 |
_aCambodia-Politics and government-1975-1979 _vNon-fiction |
||
| 650 |
_aPolitical atrocities - Cambodia _vNon-fiction |
||
| 700 |
_aLindgred, Laura _edesigner |
||
| 942 |
_2ddc _cBK _n0 |
||
| 999 |
_c5348 _d5348 |
||